000 00387 a2200097 4500
245 0 0 _aDiody o zmiennej pojemności (warikapy) - Pomiar szeregowej rezystancji zastępczej rs metodą mostkową PN-78/T-01504 ark. 70 /
_cMin. Przem. Maszynowego.
246 1 3 _aPN-78/T-01504 ark. 70
246 1 3 _a621.382.2
260 _aWarszawa :
_bMin. Przem. Maszynowego,
_c1978.
300 _a2 stron ;
_c30 cm.
650 _aPolska norma
999 _c21079
_d21079